Hrdinovia /

Hlavní autor: Timrava, 1867-1951
Další autoři: Lehutová, Dana, 1931-2006
Jazyk: Slovenština
Vydáno: Bratislava : Tatran, 1973
Vydání: 2., rozš. vyd.
Edice: Čítanie študujúcej mládeže (Tatran)
Fyzický popis: 209 s., obr. příl. : il.
Knihy
Uloženo v:
LEADER 00879nam a22002412a 4500
001 000950768
003 CZ BrMZK
005 20091007085350.0
007 ta
008 090629s1973 xo af er slo d
040 |a BOA001  |b cze 
100 0 |a Timrava,  |d 1867-1951  |7 jn19981002226  |4 aut 
245 1 0 |a Hrdinovia /  |c Timrava ; výber z literárnohistorického a kritického materiálu o Timrave zostavila Daniela Lehutová 
250 |a 2., rozš. vyd. 
260 |a Bratislava :  |b Tatran,  |c 1973 
300 |a 209 s., obr. příl. :  |b il. 
490 1 |a Čítanie študujúcej mládeže ;  |v zv. 48 
700 1 |a Lehutová, Dana,  |d 1931-2006  |7 jo2007409261  |4 com 
830 0 |a Čítanie študujúcej mládeže (Tatran)  |0 s 
910 |a BOA001  |b 1-0611.314-73 
990 |a BK 
991 |b 200906 
996 7 |b 2619299226  |c 1-0611.314-73  |l MZK  |r Sklad / do 1 hodiny  |n 1  |w 001082741  |u 000010  |a 1  |e BOA001  |j MZK50  |s A